• 首页
  • 本馆介绍
  • 公告通知
  • 最新文献
  • 馆藏检索
  • 电子资源
  • 读者导购
  • 参考咨询
  • 我的图书馆
  • 登录
  • 详细信息显示
  • 放入我的书架
  • 预约/预借图书
  • 作者相关作品
  • 分类相关作品
  • 丛书相关作品
  • 出版社相关作品

书目信息

  • 表格格式
  • 工作单格式
  • 卡片格式
题名:
中学政治课总复习
    
 
作者:
分册:  
出版信息: 北京   北京出版社  1981
页数: 150页
开本: 19cm
丛书名:
单 册:
中图分类: G634.2 , G633.2
科图分类:
主题词: 政治课--中学--教学参考资料 , 教育--各级
电子资源:
ISBN:
000 00652nam0 2200253 45
001 0181009020
005 20040427142200.3
010    @dCNY0.34
091    @a7071.724
100    @a19950616d1981 em y0chiy0121 ea
101 0  @achi
102    @aCN@b110000
105    @ay z 000yy
106    @ar
200 10 @a中学政治课总复习@Azhong xue zheng zhi ke zong fu xi
210    @a北京@c北京出版社@d1981
215    @a150页@d19cm
606    @a政治课@x中学@x教学参考资料
606 0  @a教育@x各级
690    @aG634.2@v3
690    @aG633.2
801  0 @aCN@b上海图书馆@c20040427
801  2 @aCN@bNLC@c20040427
905    @f1@b40567@f1@b40570@dG633.2@e214
    
    中学政治课总复习.-北京:北京出版社,1981
    150页;19cm
    
    
    ISBN :CNY0.34
    
●
相关链接 在E读中查询图书 在五车中查询图书 在当当中查询图书 在豆瓣中查询图书


正题名:中学政治课总复习     索取号:G633.2/214         预约/预借

序号 登录号 条形码 馆藏地/架位号 状态 备注
1 0040567   000474276   密集书库/ [索取号:G633.2/214] 在馆    
2 0040570   000474356   密集书库/ [索取号:G633.2/214] 在馆    
唐山师范学院图书馆 欢迎您!
大连网信软件有限公司© 版权所有